000 00380nam a2200145Ia 4500
005 20250405173625.0
008 240331s9999 xx 000 0 und d
082 _a894.11
_bSAM
245 0 _aSamuga sindanai :
_bviripadi ellaigal
260 _aColombo
_bViluthu
_c2005
300 _a77 p .,
650 _aSamuga Sinthanai patriya book
700 _aMaduusudhanan,T.
_eedt
942 _cL
999 _c983
_d983